Draconis /

সংরক্ষণ করুন:
গ্রন্থ-পঞ্জীর বিবরন
প্রধান লেখক: Nencioni, Gloria (লেখক)
বিন্যাস: গ্রন্থ
ভাষা:ইতালিয়
প্রকাশিত: [Pontedera : Tagete, 2008]
ট্যাগগুলো: ট্যাগ যুক্ত করুন
কোনো ট্যাগ নেই, প্রথমজন হিসাবে ট্যাগ করুন!

MARC

LEADER 00000nam a22000007i 4500
001 IT\ICCU\PIS\0013674
003 ItRI
005 20260115232202.0
008 080913s2008 it |||||| ||||| |||||c
020 |a 9788895553481 
040 |b ita  |c importazione bologna sebina 
041 7 |a ita  |2 ISO-639-2 
100 1 |a Nencioni, Gloria  |0 IT\ICCU\PISV\003420  |4 aut 
245 1 0 |a Draconis /  |c Gloria Nencioni. 
260 |a [Pontedera :  |b Tagete,  |c 2008] 
300 |a 117 p. :  |b ill. ;  |c 21 cm 
790 0 |a Fiocco di Neve  |3 IT\ICCU\CFIV\279888  |z Nencioni, Gloria 
942 |2 ddc  |c BK  |n 0 
952 |0 0  |1 0  |4 0  |6 DOC_853_920000000000000_NEN  |7 0  |9 21574  |a BO  |b BO  |d 2026-01-15  |i 16614  |l 0  |o DOC 853.92 NEN  |p BO16614  |r 2026-01-15 23:22:02  |w 2026-01-15  |x [Sebina 5] [1 v.]  |y BK  |z 1 v. (con dedica dell'A.) 
999 |c 18421  |d 18421